000 00352nam a2200121Ia 4500
008 231228s1994 xx 000 0 und d
041 _aeng
082 _a658 .15`244
_bCHE
100 _aCHECKLEY (K)
245 _aCash is King: A Practical Guide to Strategic Cash Management
260 _aLondon
_bPitman Publication London
_c1994
300 _aXIII,206
999 _c1085283
_d1085283